Poema del asalto y conquista de Antequera (Record no. 41252)

MARC details
000 -LEADER
campo de control de longitud fija 00763nam a2200193 i 4500
001 - NÚMERO DE CONTROL
campo de control 41252
003 - IDENTIFICADOR DE NÚMERO DE CONTROL
campo de control ES-MaACL
007 - CAMPO FIJO DE DESCRIPCIÓN FÍSICA--INFORMACIÓN GENERAL
campo de control de longitud fija t|
008 - DATOS DE LONGITUD FIJA--INFORMACIÓN GENERAL
campo de control de longitud fija 030310s1963 sp ||||1| spa d
100 1# - ENTRADA PRINCIPAL--NOMBRE DE PERSONA
Nombre de persona Carvajal y Robles, Rodrigo de.
9 (RLIN) 35950
245 10 - MENCIÓN DEL TÍTULO
Título Poema del asalto y conquista de Antequera
Resto del título : Lima, 1627 /
Mención de responsabilidad, etc. Rodrigo de Carvajal y Robles ; prólogo y edición de Francisco López Estrada.
260 ## - PUBLICACIÓN, DISTRIBUCIÓN, ETC.
Lugar de publicación, distribución, etc. Madrid :
Nombre del editor, distribuidor, etc. Real Academia Española,
Fecha de publicación, distribución, etc. 1963.
300 ## - DESCRIPCIÓN FÍSICA
Extensión 288 p., 1 lám. ;
Dimensiones 25 cm.
490 1# - MENCIÓN DE SERIE
Mención de serie Anejos del Boletín de la Real Academia Española ;
Designación de volumen o secuencia 9
700 0# - ENTRADA AGREGADA--NOMBRE PERSONAL
Nombre de persona López Estrada, Francisco,
Fechas asociadas al nombre 1918-2010
9 (RLIN) 73627
830 0# - PUNTO DE ACCESO ADICIONAL DE SERIE-TÍTULO UNIFORME
Título uniforme Anejos del Boletín de la Real Academia Española ;
Designación de volumen o secuencia 9
9 (RLIN) 180902
852 ## - LOCALIZACIÓN
Ubicación ES-MaACL
Número de control de estantería E-7243
Sublocalización o colección R.90835
Holdings
Estatus retirado Estado de pérdida Estado de daño No para préstamo Biblioteca de origen Biblioteca actual Ubicación en estantería Fecha de adquisición Fuente de adquisición Total de préstamos Signatura topográfica completa Código de barras Visto por última vez Precio de reemplazo Tipo de ítem Koha
        Biblioteca del Ateneo de Madrid Biblioteca del Ateneo de Madrid Depósito 2 17/01/2008     E-7243 1043430 23/02/2023 23/02/2023 Libro impreso